Valuation of Future Profits in the Family Businesses in Slovakia
Analýza metód oceňovania budúcich ziskov v rodinnom podnikaní na Slovensku. Projekcia budúcich obchodných ziskov by mala byť založená na analýze minulej výkonnosti. Metódy oceňovania podniku.
Guardado en:
| Autor principal: | |
|---|---|
| Otros Autores: | |
| Formato: | Capítulo de libro |
| Lenguaje: | inglés |
| Materias: | |
| Etiquetas: |
Sin Etiquetas, Sea el primero en etiquetar este registro!
|
MARC
| LEADER | 00000naa$a2200000$$$4500 | ||
|---|---|---|---|
| 001 | 0281091 | ||
| 005 | 20240502074352.1 | ||
| 041 | 0 | |a eng | |
| 044 | |a SK | ||
| 245 | 1 | 0 | |a Valuation of Future Profits in the Family Businesses in Slovakia |c Mária Kmety Barteková, Mária Trúchliková |
| 520 | |a Analýza metód oceňovania budúcich ziskov v rodinnom podnikaní na Slovensku. Projekcia budúcich obchodných ziskov by mala byť založená na analýze minulej výkonnosti. Metódy oceňovania podniku. | ||
| 610 | 2 | 0 | |a zisk |
| 610 | 2 | 0 | |a oceňovanie |
| 610 | 2 | 0 | |a metódy ohodnocovania |
| 610 | 2 | 0 | |a podnikanie rodinné |
| 610 | 2 | 0 | |a hodnota podniku |
| 610 | 2 | 0 | |a Slovensko |
| 100 | 1 | |a Kmety Barteková, Mária, 1992- | |
| 700 | 1 | |a Trúchliková, Mária, 1991- | |